000
00291nam a22001337a 4500
008
181221b xxu||||| |||| 00| 0 eng d
020
_a
90219
041
_a
eng
080
_a
316
100
_a
50
101
_a
SOC
245
_a
The Birth and Death of Meaning
_c
Becker, E
942
_2
udc
_c
BK
999
_c
53592
_d
53592